Food Served Cold - Sudden Death - Statistics

General Stats
  • This quiz has been taken 221 times
  • The average score is 5 of 16
Answers on the Grid
Answers color-coded by a green-red scale on the quiz's grid according to % correct below.
Cretons
Gelato
Naengmyeon
Gazpacho
St. Honoré cake
Chilled melon soup
Shrimp cocktail
Oeuf mayonnaise
Lox
Snezhanka
Waldorf salad
Glorified rice
Chocolate mousse
Ceviche
Skagenröra
Oysters Rockefeller
Angels on horseback
Omurice
Kare-kare
Dolsot bibimbap
Phở
Blanquette de veau
Steak Diane
Shuizhu
Cochinita pibil
Okoy
Crêpes Suzette
Dahi vada
 
Answer Stats
Answer % Correct
Gelato
69%
Chocolate mousse
59%
Chilled melon soup
56%
Shrimp cocktail
56%
Gazpacho
54%
Waldorf salad
50%
Ceviche
46%
Oeuf mayonnaise
38%
Lox
32%
St. Honoré cake
21%
Naengmyeon
10%
Dahi vada
8%
Cretons
7%
Glorified rice
7%
Skagenröra
5%
Snezhanka
2%
No matching quizzes found
Score Distribution
Percent of People with Each Score
Percentile by Number Answered
Your Score History
You have not taken this quiz